LEADER 01543nam a2200337 u 4500 001 000000014678 003 CaOOAMICUS 005 20070226105807.0 008 940517s1978 it u000 u eng u 035 $a10345448 040 $aPUL$bita 100 1 $aConroy, Charles.$0(OLS)http://pul/name/13602 245 10$aAbsalom Absalom! :$bnarrative and language in 2 Sam 13-20 /$cCharles Conroy. 260 $aRome :$bBiblical Institute Press,$c1978. 300 $axiv, 191 p. ;$c24 cm 490 1 $aAnalecta biblica ;$v81 500 $aComprende indici. 500 $aRevised and abbreviated form of a Diss. -- Pontificio Istituto Biblico (Roma), 1977. 504 $aBibliografia: p. 155-173. 630 04$aBiblia.$pV.T.$pSamuelis II$xCritica e interpretazione.$0(OLS)http://pul/subject/37738 710 2 $aPontificio istituto biblico.$0(OLS)http://pul/name/471 830 0$aAnalecta biblica ;$v81.$0(OLS)http://pul/title/100 850 $aPUL 852 $aPUL$W1$xSL Religione 1$y3$m10(4) A 81$j20593$nBK-PRI$b $qStampati$B20593$CPULBib$Z2$F20593 $H $81 852 $aPUL$W1$xDP1 Tesi Pon. Ist. Biblico$y33$mTH BIB 107$j180859$qTesi$B183982$CPULBib$Z2$F183982 $H45959 $82 910 $aPontificium institutm biblicum$9471 941 1 $a8 941 1 $a16 961 $aINV: 45946 996 $6245$aAbsalom Absalom! :$bnarrative and language in 2 Sam 13-20$9(OLS)http://pul/title/21078 996 $6260$aRome :$bBiblical Institute Press$9(OLS)http://pul/publisher/48224 LEADER 01554nam a2200313 a 4500 001 000000171473 003 CaOOAMICUS 005 20190205120906.0 008 190205s2019 it u000 u ita r 020 $z978-88-28-80361-4* 032 $aLibriCat 040 $aPUL$bita 082 04$a346.45013 100 1 $aDogliotti, Massimo.$0(OLS)http://pul/name/29217 245 00$aCapacità, incapacità, diritti degli incapaci:$ble misure di protezione /$cMassimo Dogliotti. 260 $aMilano :$bGiuffrè Francis Lefebvre,$c©2019. 300 $aXIV,758 p.;$c24 cm 490 1 $aTrattato di diritto civile e commerciale Cicu-Messineo 500 $aIn testa al front.: Trattato di diritto civile e commerciale Cicu-Messineo / già diretto da Luigi Mengoni ; continuato da Piero Schlesinger, Vincenzo Roppo, Franco Anelli. 650 4$aCapacità giuridica.$0(OLS)http://pul/subject/39657 830 0$aTrattato di diritto civile e commerciale Cicu-Messineo.$0(OLS)http://pul/title/212272 850 $aPUL 852 $aPUL$W1$xSL Diritto e Scienze Sociali 3$y79$m346. 45013 DOGMA 1$j195165$qDDC 21$B200068$CPULBib$Z2$F200068 $H132228 $81 941 1 $a9 996 $6020$z978-88-28-80361-4*$9(OLS)http://pul/number/165728 996 $6082$a346.45013$9(OLS)http://pul/classification/2029 996 $6245$aCapacità, incapacità, diritti degli incapaci:$ble misure di protezione$9(OLS)http://pul/title/212273 996 $6260$aMilano :$bGiuffrè Francis Lefebvre$9(OLS)http://pul/publisher/86917